| 000 | 00686cam a22002413a 4500 | ||
|---|---|---|---|
| 001 | 9494 | ||
| 003 | PGUSA | ||
| 005 | 20140828083212.0 | ||
| 008 | 051201s2005||||xxu|||||s|||||000 1 eng d | ||
| 040 |
_aPGUSA _beng |
||
| 042 | _adc | ||
| 050 | 4 | _aPT | |
| 100 | 1 |
_aMeyer, Conrad Ferdinand, _d1825-1898 |
|
| 245 | 1 | 0 |
_aDer Schuß von der Kanzel _h[electronic resource] / _cConrad Ferdinand Meyer |
| 260 |
_bProject Gutenberg, _c2005 |
||
| 506 | _aPublic domain in the USA. | ||
| 516 | _aElectronic text | ||
| 653 | _aSwitzerland -- Fiction | ||
| 740 | 0 | _aSchuss von der Kanzel | |
| 830 | 0 |
_aProject Gutenberg _v9494 |
|
| 856 | 4 | 0 | _uhttp://www.gutenberg.org/ebooks/9494 |
| 942 | _cEB | ||
| 999 |
_c238750 _d238750 |
||